Los Angeles Lakers Quiz - Statistics

General Stats
  • This quiz has been taken 547 times
    536 since last reset
  • The average score is 27 of 39
Answer Stats
Answer % Correct
Jerry West
98%
Western
98%
Orange-Yellow
91%
American Violet
90%
16
86%
24
86%
Kobe Bryant
86%
8
85%
Los Angeles, California
82%
White
81%
Shaquille O'Neal
80%
34
79%
Kareem Abdul-Jabbar
78%
Magic Johnson
78%
Pacific
78%
33
77%
22
76%
32
76%
Black
76%
13
75%
Minneapolis
75%
25
72%
1947
71%
44
70%
Staples Center
69%
23
68%
Wilt Chamberlain
67%
31
66%
42
65%
James Worthy
63%
Elgin Baylor
62%
52
52%
Frank Vogel
49%
Gail Goodrich
37%
Jeanie Buss
37%
Rob Pelinka
31%
Jamaal Wilkes
26%
Wish
26%
South Bay Lakers
12%
No matching quizzes found
Score Distribution
Percent of People with Each Score
Percentile by Number Answered
Your Score History
You have not taken this quiz since the last reset